000 00558nam a2200097Ia 4500
008 170517s9999 xx 000 0 und d
245 _aGenetically Modified Food: Panacea or Poison
300 _aThe fact is, there has never been a single study on the human safety of these products. Any implication to the contrary is a pure fabrication. Make the corporate apologists produce a single study, and they can not. The important point is this. Among scientists, the...
650 _xTechnology.
856 _uhttp://topdocumentaryfilms.com/genetically-modified-food/
999 _c335040
_d335040